000 00642nam a2200229Ia 4500
003 OSt
005 20221007071855.0
006 a|||||r|||| 00| 0
007 ta
008 221006b |||||||| |||| 00| 0 eng d
024 _a12,699
037 _cTextual
040 _aFLL
_cFLL
_beng
041 _2eng
_aeng
082 _aV3:2:I9, K9
100 _aWilkinson B. Au.
_9689604
245 0 _aConstitutional history of England in the fifteenth century(1399-1485)
260 _aLondon
_bLongmans London
_c1969
300 _ax,418p
_ccm.
942 _hV3:2:I9, K9
_cTEXL
_2CC
999 _c1144549
_d1144549